Nghiên cứu tri thức bản địa trong trồng lúa để ứng phó với thời tiết bất thường ở vùng lũ ĐBSCL phần thuộc các tỉnh An Giang và Đồng Tháp : Luận văn tốt nghiệp cao học. Ngành Khoa học Môi trường
Đánh giá hiện trạng thời tiết và ảnh hưởng của thời tiết bất thường đến hoạt động sản xuất lúa của người dân, đánh giá các kiến thức bản địa để ứng phó với thời tiết bất thường trong trồng lúa đang được người dân áp dụng, và...
Bewaard in:
| Hoofdauteur: | |
|---|---|
| Formaat: | Boek |
| Taal: | Undetermined |
| Gepubliceerd in: |
Cần Thơ
Trường Đại học Cần Thơ
2013
|
| Onderwerpen: | |
| Tags: |
Voeg label toe
Geen labels, Wees de eerste die dit record labelt!
|
| Thư viện lưu trữ: | Trung tâm Học liệu Trường Đại học Cần Thơ |
|---|
| LEADER | 01522nam a2200217Ia 4500 | ||
|---|---|---|---|
| 001 | CTU_185447 | ||
| 008 | 210402s9999 xx 000 0 und d | ||
| 082 | |a 633.18 | ||
| 082 | |b U603 | ||
| 088 | |a 60440301 | ||
| 100 | |a Nguyễn, Kim Uyên | ||
| 245 | 0 | |a Nghiên cứu tri thức bản địa trong trồng lúa để ứng phó với thời tiết bất thường ở vùng lũ ĐBSCL phần thuộc các tỉnh An Giang và Đồng Tháp : | |
| 245 | 0 | |b Luận văn tốt nghiệp cao học. Ngành Khoa học Môi trường | |
| 245 | 0 | |c Nguyễn Kim Uyên ; Lê Anh Tuấn (Cán bộ hướng dẫn) | |
| 260 | |a Cần Thơ | ||
| 260 | |b Trường Đại học Cần Thơ | ||
| 260 | |c 2013 | ||
| 520 | |a Đánh giá hiện trạng thời tiết và ảnh hưởng của thời tiết bất thường đến hoạt động sản xuất lúa của người dân, đánh giá các kiến thức bản địa để ứng phó với thời tiết bất thường trong trồng lúa đang được người dân áp dụng, và đề xuất một số giải pháp nần cao khả năng ứng phó với thời tiết bất thường trong sản xuất. | ||
| 650 | |a Kinh nghiệm,Indigenous knowledge,Experience,Tri thức bản địa | ||
| 904 | |i Bích Phượng, Trúc | ||
| 980 | |a Trung tâm Học liệu Trường Đại học Cần Thơ | ||